000
00353 a2200169 4500
001
160633
020
_a
978-85-08-11343-9
040
_c
Magnum
100
_a
Junqueira, Sonia
240
1
0
_a
A arara cantora
_l
por
245
1
0
_a
A arara cantora
300
_a
24
362
0
_a
2007
440
1
_a
Ática
697
_a
LITERATURA INFANTIL
942
_c
BK
999
_c
160633
_d
160633